Por qué soy católico / (Record no. 178360)

MARC details
000 -LEADER
campo de control de longitud fija 00915nam a2200289 4500
001 - NÚMERO DE CONTROL
campo de control 178360
003 - IDENTIFICADOR DE NÚMERO DE CONTROL
campo de control ES-MaACL
005 - FECHA Y HORA DE LA ÚLTIMA TRANSACCIÓN
campo de control 20240524063012.0
008 - DATOS DE LONGITUD FIJA--INFORMACIÓN GENERAL
campo de control de longitud fija 110525s2009 sp af |||| |dspa d
020 ## - NÚMERO INTERNACIONAL ESTÁNDAR DEL LIBRO
Número Internacional Estándar del Libro 978-84-937417-0-9
080 ## - NÚMERO DE LA CLASIFICACIÓN DECIMAL UNIVERSAL
Número de la Clasificación Decimal Universal 239
100 0# - ENTRADA PRINCIPAL--NOMBRE DE PERSONA
Nombre de persona Chesterton, G. K.,
Fechas asociadas al nombre 1874-1936
9 (RLIN) 38399
245 10 - MENCIÓN DEL TÍTULO
Título Por qué soy católico /
Mención de responsabilidad, etc. Gilbert Keith Chesteron.
250 ## - MENCION DE EDICION
Mención de edición 1ª ed.
260 ## - PUBLICACIÓN, DISTRIBUCIÓN, ETC.
Lugar de publicación, distribución, etc. Madrid :
Nombre del editor, distribuidor, etc. El Buey Mudo,
Fecha de publicación, distribución, etc. 2009.
300 ## - DESCRIPCIÓN FÍSICA
Extensión 718 p. :
Otras características físicas 1 retr., il. ;
Dimensiones 21 cm.
490 1# - MENCIÓN DE SERIE
Mención de serie Religión
600 17 - PUNTO DE ACCESO ADICIONAL DE MATERIA--NOMBRE DE PERSONA
Nombre de persona Chesterton, G. K.,
Fechas asociadas al nombre 1874-1936
Subdivisión general Religión
Fuente del encabezamiento o término
9 (RLIN) 146735
650 07 - PUNTO DE ACCESO ADICIONAL DE MATERIA--TÉRMINO DE MATERIA
Término de materia o nombre geográfico como elemento de entrada Apologética.
9 (RLIN) 9921
650 #4 - PUNTO DE ACCESO ADICIONAL DE MATERIA--TÉRMINO DE MATERIA
Término de materia o nombre geográfico como elemento de entrada Fe y razón.
9 (RLIN) 146736
700 1# - ENTRADA AGREGADA--NOMBRE PERSONAL
Nombre de persona Thompson, James J.
9 (RLIN) 110090
830 0# - PUNTO DE ACCESO ADICIONAL DE SERIE-TÍTULO UNIFORME
Título uniforme Religión
9 (RLIN) 219441
852 ## - LOCALIZACIÓN
Ubicación ES-MaACL
itemnumber 185219
Sublocalización o colección R.145584
Número de control de estantería A-11248
Ubicación en estantería Depósito 1
Signatura antigua Olim: N-4252
942 ## - ELEMENTOS DE ENTRADA SECUNDARIOS (KOHA)
Fuente del sistema de clasificación o colocación Clasificación decimal universal
Tipo de ítem Koha Libro impreso
Holdings
Estatus retirado Estado de pérdida Fuente del sistema de clasificación o colocación Estado de daño No para préstamo Biblioteca de origen Biblioteca actual Ubicación en estantería Fecha de adquisición Fuente de adquisición Total de préstamos Signatura topográfica completa Código de barras Visto por última vez Precio de reemplazo Tipo de ítem Koha
    Clasificación decimal universal     Biblioteca del Ateneo de Madrid Biblioteca del Ateneo de Madrid Depósito 1 25/05/2011 Compra   A-11248 1187356 23/02/2023 23/02/2023 Libro impreso